| 000 | 01162nam a22003377a 4500 | ||
|---|---|---|---|
| 003 | CHAP | ||
| 005 | 20220817042153.0 | ||
| 008 | 971013s1970 r 00010 d | ||
| 010 | _a36638 | ||
| 011 | _a37610 | ||
| 035 | _a41730 | ||
| 040 | _cCHAP | ||
| 090 | _aFolleto 5797 | ||
| 110 | _aFAO | ||
| 245 | _aEmpleo de métodos nucleares para aumentar la producción de alimentos | ||
| 260 |
_aRoma : _bFAO, _c1970 |
||
| 300 |
_a87 p. _b: ilus. |
||
| 490 |
_aFAO. Campaña Mundial contra el hambre. Estudio básico _v; 27 |
||
| 590 |
_aBATCH-UPD _b10 _c20130109 _lUCH01 _h2319 |
||
| 590 |
_aBATCH-UPD _b10 _c20130110 _lUCH01 _h2149 |
||
| 590 |
_aBATCH-UPD _b10 _c20130409 _lUCH01 _h1841 |
||
| 590 |
_aBATCH-UPD _b10 _c20130410 _lUCH01 _h1457 |
||
| 590 |
_aBATCH-UPD _b10 _c20130914 _lUCH01 _h1306 |
||
| 590 |
_aCONVERSION _b10 _c20130109 _lUCH01 _h1320 |
||
| 650 | 1 | 4 |
_aEnergía atómica en agricultura. _936898 |
| 830 | 0 |
_aFAO. Campaña Mundial contra el hambre. Estudio básico _v; 27 _939462 |
|
| 901 | _aBK | ||
| 942 | _cFOLL | ||
| 949 |
_aFolleto 5797 _bBC _cFAO _d-95929 _eFAO1 _i41730 _si |
||
| 949 |
_aFolleto 5797 _bBC _cFAO _d417302 _eFAO2 _fc.2 _gDonaciØn _i41730 _sb |
||
| 999 |
_c36638 _d36638 |
||